000 00488nam a2200193Ia 4500
003 OSt
005 20221007082751.0
006 a|||||r|||| 00| 0
007 ta
008 221006b |||||||| |||| 00| 0 eng d
024 _a22,724
037 _cDissertations
040 _aFLL
_cFLL
_beng
041 _2eng
_aeng
100 _aChaudhary S.
_9699445
245 0 _aSection 498 A IPC-is it use of abuse of law?
942 _cDIS
_2CC
999 _c1167675
_d1167675